000 00900nam a2200253 4500
003 OSt
005 20240704072013.0
006 a
008 240704b |||||||| |||| 00| 0 eng d
020 _a9780781779173
040 _aDWCL-Main lib.
_cOC
082 _2Second edition
_aCirc. 362.173068 C337 2008
245 _aCMSA core curriculum for case management /
250 _aSecond edition
260 _aPhiladelphia :
_bLippincott Williams & Wilkins,
_cc2008.
300 _axxii,
_b629 p. ;
_c23 cm.
504 _aIncludes bibliographical references and index.
650 _a1. Nursing care plans-Outlines, syllabi, etc.
650 _a2. Primary nursing-Administration-Outlines, syllabi, etc.
650 _a3. Hospitals-Case management services-Outlines, syllabi, etc.
700 _aSuzanne K. Powell
700 _aHussien A. Tahan
942 _2ddc
_n0
_cBK-CIRC
_eSecond edition
_kCirc.
999 _c1961
_d1961